000 00299nam a22001337a 4500
008 170830b xxu||||| |||| 00| 0 eng d
020 _a9780072556261
041 _aeng
080 _26TH
_a070
100 _a40
101 _aMED
245 _aTHE ART OF WATCHING FILMS
_cBOGGS,J,M
942 _2udc
_cBK
999 _c25661
_d25661